Top 30 Tyler, The Creator Songs - Statistics

General Stats
  • This quiz has been taken 17 times
  • The average score is 16 of 30
Answer Stats
# Song Rating % Correct
3. See You Again 95
100%
8. EARFQUAKE 94
88%
12. Like Him 93
82%
5. ARE WE STILL FRIENDS? 95
76%
1. GONE, GONE / THANK YOU 96
76%
18. IFHY 92
76%
4. NEW MAGIC WAND 95
76%
11. SWEET / I THOUGHT YOU WANTED TO DANCE 93
76%
17. St. Chroma 92
71%
6. 911 / Mr. Lonely 95
65%
25. PUPPET 90
65%
9. Answer 94
59%
13. IGOR'S THEME 93
59%
7. A BOY IS A GUN* 94
53%
27. CORSO 90
53%
16. SMUCKERS 92
53%
2. SORRY NOT SORRY 96
53%
21. WUSYANAME 91
53%
10. I THINK 94
47%
23. Thought I Was Dead 91
47%
26. Take Your Mask off 90
41%
19. WHAT'S GOOD 91
41%
15. Boredom 92
35%
29. DOGTOOTH 90
35%
28 Garden Shed 90
35%
20. HOT WIND BLOWS 91
35%
24. Where This Flower Blooms 90
35%
30. JUGGERNAUT 89
29%
14. P.O.V. 92
6%
22. Daring, I 91
0%
No matching quizzes found
Score Distribution
Percent of People with Each Score
Percentile by Number Answered
Your Score History
You have not taken this quiz